000 02373cam a22005174i 4500
003 PE-LiUPU
005 20250731165602.0
008 150625s2007 pe a r 000 0 spa d
020 _a9972345939
020 _a9789972345937
035 _a(Sirsi) i9789972345937
040 _aPE-LiUPU
_bspa
_cPE-LiUPU
_dPE-LiUPU
_erda
049 _aPRUA
082 0 4 _a001.420711
_bA581m
_221
100 1 _aÁngeles Caballero, César A.,
_d1923- ,
_eautor.
245 1 3 _aLa monografía :
_binvestigación y elementos /
_cCésar A. Ángeles Caballero.
250 _a9a. edición.
264 1 _aLima :
_bSan Marcos,
_c2007.
300 _a313 páginas :
_bilustraciones ;
_c22 centímetros
336 _atext
_2rdacontent
337 _aunmediated
_2rdamedia
338 _avolume
_2rdacarrier
505 0 _aLa monografía: investigación y elementos generalidades -- El trabajo intelectual -- Los libros -- El arte de pensar -- El arte de aprender -- La técnica de estudio -- La lectura -- Interpretación de textos -- La bibliografía base de la investigación -- La investigación -- Proceso de la investigación -- Investigación y estadística -- La monografía -- Fichas bibliográficas. Fichas de investigación. Plan de monografía -- Los métodos de investigación científica -- Informática e investigación.
526 _aSEG44
526 _aSEG26
526 _aP151
526 _aP150
526 _aP149
526 _aP146
526 _aP145
526 _aP126
526 _aP125
526 _aP92
526 _aP75
526 _aP74
526 _aP27
526 _aP15
650 0 4 _aInvestigación
_xMetodología.
942 _2ddc
_cBK
949 _a001.420711
_wDEWEY
_c1
_iFJ03014
_lCCODEBUJ1
_mBUJ
_p6.00
_r0
_sY
_tBOOK
_u2016-10-19
_xFCE
_0COMPRA
_o.STAFF. Colección General Juliaca
949 _a001.420711 A58 2011
_wDEWEY
_c2
_iFJ03015
_lCCODEBUJ1
_mBUJ
_p6.00
_r0
_sY
_tBOOK
_u2016-10-19
_xFCE
_0COMPRA
_o.STAFF. Colección General Juliaca
949 _a001.420711 A58
_wDEWEY
_c1
_i58602
_d2015-8-24
_e2015-8-24
_lCCODEBUL1
_mBUL
_n1
_p6.00
_r0
_sY
_tBOOK
_u2015-6-25
_xFCE
_zAGB
_0COMPRA
_o.STAFF. Colección Ciencias Empresariales
980 _81
_gALBERTO SANCHEZ Responsable de Automatización
999 _c47486
_d47486